<?xml version="1.0" encoding="UTF-8"?><?xml-stylesheet type="text/xsl" href="static/style.xsl"?><OAI-PMH xmlns="http://www.openarchives.org/OAI/2.0/" xmlns:xsi="http://www.w3.org/2001/XMLSchema-instance" xsi:schemaLocation="http://www.openarchives.org/OAI/2.0/ http://www.openarchives.org/OAI/2.0/OAI-PMH.xsd"><responseDate>2026-06-01T16:40:22Z</responseDate><request verb="GetRecord" identifier="oai:riuma.uma.es:10630/13774" metadataPrefix="marc">https://riuma.uma.es/rest/oai/request</request><GetRecord><record><header><identifier>oai:riuma.uma.es:10630/13774</identifier><datestamp>2026-02-03T12:00:31Z</datestamp><setSpec>com_10630_2254</setSpec><setSpec>col_10630_37959</setSpec></header><metadata><record xmlns="http://www.loc.gov/MARC21/slim" xmlns:dcterms="http://purl.org/dc/terms/" xmlns:doc="http://www.lyncode.com/xoai" xmlns:xsi="http://www.w3.org/2001/XMLSchema-instance" xsi:schemaLocation="http://www.loc.gov/MARC21/slim http://www.loc.gov/standards/marcxml/schema/MARC21slim.xsd">
   <leader>00925njm 22002777a 4500</leader>
   <datafield ind2=" " ind1=" " tag="042">
      <subfield code="a">dc</subfield>
   </datafield>
   <datafield ind2=" " ind1=" " tag="720">
      <subfield code="a">Viñao Frago, Antonio</subfield>
      <subfield code="e">author</subfield>
   </datafield>
   <datafield ind2=" " ind1=" " tag="260">
      <subfield code="c">2017-05-30</subfield>
   </datafield>
   <datafield ind2=" " ind1=" " tag="520">
      <subfield code="a">El control del sistema educativo y la Iglesia católica (1857-1931)&#xd;
&#xd;
	Teniendo siempre en mente la distinción entre formas de control legal, fáctico o concreto y difuso, la charla versará sobre la presencia e influencia directa o indirecta de la Iglesia católica, desde 1857 a 1931, en la educación primaria y en la segunda enseñanza. Primero, a través de la existencia de una materia —catecismo o doctrina cristiana, Religión— presente en los planes de estudio, y de los conflictos producidos por su configuración en uno u otro sentido. Después, por el derecho de inspección y sujeción de la enseñanza a los principios y dogmas de la Iglesia católica, reconocido en el Concordato de 1853. Por último, se expondrán otras formas de control difuso —pero efectivo—, o concreto, en especial en el campo de la enseñanza primaria y de las relaciones entre los párrocos y el magisterio primario.</subfield>
   </datafield>
   <datafield ind1="8" ind2=" " tag="024">
      <subfield code="a">http://hdl.handle.net/10630/13774</subfield>
   </datafield>
   <datafield tag="653" ind2=" " ind1=" ">
      <subfield code="a">Historia de la Educación</subfield>
   </datafield>
   <datafield tag="653" ind2=" " ind1=" ">
      <subfield code="a">Política educativa</subfield>
   </datafield>
   <datafield ind2="0" ind1="0" tag="245">
      <subfield code="a">El control del sistema educativo y la Iglesia católica (1857-1931)</subfield>
   </datafield>
</record>
</metadata></record></GetRecord></OAI-PMH>